|
|
|
|
| LEADER |
01721nam a2200361 a 4500 |
| 001 |
45726 |
| 003 |
BD-DhAAL |
| 005 |
20260510183537.0 |
| 008 |
260510t1996 nyu b 001 0 eng |
| 010 |
|
|
|a 96006463
|
| 020 |
|
|
|a 080143260X
|
| 035 |
|
|
|a 4469436
|
| 040 |
|
|
|a DLC
|c DLC
|d DLC
|d BD-DhAAL
|
| 043 |
|
|
|a a-ja---
|
| 050 |
0 |
0 |
|a UA845
|b .K376 1996
|
| 082 |
0 |
0 |
|a 355.033052
|2 20
|
| 100 |
1 |
|
|a Katzenstein, Peter J.
|9 60600
|
| 245 |
1 |
0 |
|a Cultural norms and national security :
|b police and military in postwar Japan /
|c Peter J. Katzenstein.
|
| 246 |
|
3 |
|a Cultural norms and national security
|
| 260 |
|
|
|a Ithaca, N.Y. :
|b Cornell University Press,
|c c1996.
|
| 300 |
|
|
|a xvi, 307 pages ;
|c 25 cm
|
| 490 |
1 |
|
|a Cornell studies in political economy
|
| 504 |
|
|
|a Includes bibliographical references (p. 255-296) and index.
|
| 526 |
8 |
|
|a AAL
|
| 541 |
1 |
|
|a Donated by Embassy of Japan in Bangladesh, Read Japan Project 2025, The Tokyo Foundation, supported by The Nippon Foundation.
|e 45726
|
| 650 |
|
0 |
|a National security
|z Japan.
|9 60561
|
| 650 |
|
0 |
|a Internal security
|z Japan.
|9 60601
|
| 650 |
|
0 |
|a Social sciences.
|
| 830 |
|
0 |
|a Cornell studies in political economy
|9 60602
|
| 852 |
1 |
|
|a Ayesha Abed Library
|c General Stacks
|
| 942 |
|
|
|2 ddc
|c BK
|
| 999 |
|
|
|c 47913
|d 47913
|
| 952 |
|
|
|0 0
|1 0
|2 ddc
|4 0
|6 355_033052000000000_KAT
|7 0
|9 79170
|a BRACUL
|b BRACUL
|d 2026-05-10
|e Donated by Embassy of Japan in Bangladesh, Read Japan Project 2025, The Tokyo Foundation, supported by The Nippon Foundation
|l 0
|o 355.033052 KAT
|p 3010045726
|r 2026-05-10
|t 1
|w 2026-05-10
|y BK
|x Donated copy received from Embassy of Japan in Bangladesh, Read Japan Project 2025, The Tokyo Foundation, supported by The Nippon Foundation on 08 April 2026; $95.53
|